000 00356 a2200157 4500
001 190449
020 _a978-0-19-846684-0
040 _cMagnum
100 _aDonaldson, Julia
240 1 0 _aThe wrong kind of knight
_lING
245 1 0 _aThe wrong kind of knight
300 _a16
362 0 _a2008
697 _aLITERATURA INFANTIL INGLESA
942 _cBK
999 _c190449
_d190449